[Event "Internet Section 06B g/8'+2\""]
[Site "Dos Hermanas"]
[Date "2004.03.06"]
[Round "4"]
[White "Delgado Ramirez, Neuris"]
[Black "Materazzi, Zdenko"]
[Result "0-1"]
[WhiteElo "2541"]
[BlackElo "2196"]
[PlyCount "68"]
[EventDate "2004.03.06"]
[EventType "swiss (blitz)"]
[EventRounds "9"]
[EventCountry "ESP"]
[SourceTitle "CBM 099 Extra"]
[Source "ChessBase"]
[SourceDate "2004.05.04"]
[SourceVersion "1"]
[SourceVersionDate "2004.05.04"]
[SourceQuality "1"]

1. e4 e5 2. Nf3 d6 3. d4 Nf6 4. Nc3 Nbd7 5. Bc4 Be7 6. 0-0 c6 7. a4 Qc7 8. h3 h6 9. Qe2 Nf8 10. d5 g5 11. dxc6 bxc6 12. Nh2 Ng6 13. b4 Nf4 14. Bxf4 gxf4 15. b5 Rg8 16. Kh1 Bd7 17. bxc6 Bxc6 18. Bb5 Kf8 19. Nd5 Nxd5 20. Bxc6 Qxc6 21. exd5 Qxd5 22. Nf3 Kg7 23. c4 Qe6 24. Rfe1 Kh8 25. Rad1 Rac8 26. Rd5 Qg6 27. Qf1 e4 28. Nd2 f5 29. Rb1 Rc7 30. a5 Bh4 31. Rb3 Rcg7 32. g3 fxg3 33. fxg3 Bxg3 34. Rxf5 Bf4 0-1

[Event "Internet Section 06B g/8'+2\""]
[Site "Dos Hermanas"]
[Date "2004.03.06"]
[Round "1"]
[White "Materazzi, Zdenko"]
[Black "McKenzie, Mark"]
[Result "1-0"]
[WhiteElo "2120"]
[BlackElo "1422"]
[PlyCount "65"]
[EventDate "2004.03.06"]
[EventType "swiss (blitz)"]
[EventRounds "9"]
[EventCountry "ESP"]
[SourceTitle "CBM 099 Extra"]
[Source "ChessBase"]
[SourceDate "2004.05.04"]
[SourceVersion "1"]
[SourceVersionDate "2004.05.04"]
[SourceQuality "1"]

1. Nf3 d5 2. d4 Nf6 3. c4 dxc4 4. Nc3 Nc6 5. e4 e6 6. Bxc4 Bb4 7. e5 Ne4 8. Qd3 Nxc3 9. bxc3 Ba5 10. Ba3 Bd7 11. 0-0 Ne7 12. Nd2 a6 13. Rfd1 b5 14. Bb3 c6 15. Ne4 Nf5 16. h3 Qh4 17. Qf3 0-0-0 18. Bc5 Bc7 19. a4 g5 20. g3 Qxh3 21. Nxg5 Qh6 22. Nxf7 Qg6 23. Nxh8 Rxh8 24. axb5 Nh4 25. Qh1 Nf5 26. bxc6 Nxg3 27. cxd7+ Kxd7 28. Ba4+ Kc8 29. Qa8+ Bb8 30. Qc6+ Bc7 31. Qd7+ Kb8 32. Rdb1+ Ka8 33. Bc6# 1-0

[Event "Internet Section 06B g/8'+2\""]
[Site "Dos Hermanas"]
[Date "2004.03.06"]
[Round "2"]
[White "Salama, Omar"]
[Black "Materazzi, Zdenko"]
[Result "1/2-1/2"]
[WhiteElo "2172"]
[BlackElo "2133"]
[PlyCount "165"]
[EventDate "2004.03.06"]
[EventType "swiss (blitz)"]
[EventRounds "9"]
[EventCountry "ESP"]
[SourceTitle "CBM 099 Extra"]
[Source "ChessBase"]
[SourceDate "2004.05.04"]
[SourceVersion "1"]
[SourceVersionDate "2004.05.04"]
[SourceQuality "1"]

1. d4 d6 2. Nf3 Nd7 3. c4 e5 4. d5 g6 5. e4 Bg7 6. Nc3 Ne7 7. Be2 0-0 8. 0-0 h6 9. Ne1 f5 10. f4 exf4 11. Bxf4 fxe4 12. Nxe4 g5 13. Bc1 Ne5 14. Rxf8+ Qxf8 15. Nf3 Bf5 16. Ng3 Bg6 17. Nxe5 Bxe5 18. Bg4 Qf6 19. Be6+ Kh7 20. Qe2 Rf8 21. a4 Nc6 22. Be3 Nd4 23. Bxd4 Bxd4+ 24. Kh1 Qf2 25. Re1 Bxb2 26. Qxf2 Rxf2 27. Bc8 b6 28. Re7+ Rf7 29. Re2 Bd4 30. Be6 Rf2 31. Re1 Bc5 32. h3 Bd3 33. Bc8 Bxc4 34. Bf5+ Kg8 35. Re7 Bxd5 36. Be4 Bxe4 37. Nxe4 Rf1+ 38. Kh2 Bd4 39. Rxc7 Be5+ 40. g3 d5 41. Rc8+ Kf7 42. Kg2 Ra1 43. Nf2 Rxa4 44. Nd3 Bd6 45. Rd8 Ke7 46. Rh8 Ra3 47. Rh7+ Kd8 48. Nf2 Rxg3+ 49. Kf1 Rf3 50. Ke2 Rf6 51. Rxa7 h5 52. Rh7 h4 53. Ng4 Re6+ 54. Kd3 Bc5 55. Rg7 b5 56. Rxg5 Rd6 57. Ne5 Ra6 58. Ng6 Ra3+ 59. Kc2 Ra1 60. Rxd5+ Ke8 61. Rxc5 Ra3 62. Nf4 Rf3 63. Rf5 Kd7 64. Kd2 b4 65. Ke2 Ra3 66. Rb5 b3 67. Nd3 Ra2+ 68. Ke3 Ra3 69. Kd2 Kc6 70. Rb8 Ra2+ 71. Kc3 Rh2 72. Nf4 Rf2 73. Rf8 b2 74. Rb8 Rxf4 75. Kxb2 Rf3 76. Kc2 Rxh3 77. Kd2 Rf3 78. Ke2 Rf4 79. Ke3 Rc4 80. Kf3 Kd5 81. Re8 Ra4 82. Kg2 Kd6 83. Kh3 1/2-1/2